Imidž slovenských výrobkov u mladej generácie dizertačná práca
Salvato in:
| Autore principale: | |
|---|---|
| Ente Autore: | |
| Altri autori: | |
| Natura: | Libro |
| Lingua: | slovacco |
| Pubblicazione: |
Bratislava
2008
|
| Soggetti: | |
| Tags: |
Nessun Tag, puoi essere il primo ad aggiungerne!!
|
MARC
| LEADER | 00000nam$a2200000$$$4500 | ||
|---|---|---|---|
| 001 | 0100043 | ||
| 005 | 20230224093841.0 | ||
| 041 | 0 | |a slo | |
| 044 | |a SK | ||
| 245 | 1 | 0 | |a Imidž slovenských výrobkov u mladej generácie |b dizertačná práca |c Janka Kopaničová ; škol. Kornélia Richterová |
| 264 | 1 | |a Bratislava |c 2008 | |
| 300 | |a 184 s. | ||
| 610 | 2 | 0 | |a imidž |
| 610 | 2 | 0 | |a výrobky |
| 610 | 2 | 0 | |a správanie spotrebiteľa |
| 100 | 1 | |a Kopaničová, Janka, 1979- | |
| 700 | 1 | |a Richterová, Kornélia | |
| 710 | 2 | |a Ekonomická univerzita v Bratislave. Obchodná fakulta | |